Statistics for Omni Hotels

Click here to take the quiz!

General Stats

  • This quiz has been taken 3 times
    (2 since last reset)
  • The average score is 38 of 51

Answer Stats

State/CountryHotel% Correct
CanadaHotel Omni Mont-Royal
100%
TexasMokara Hotel & Spa
100%
GeorgiaOmni Atlanta Hotel at CNN Center
100%
TexasOmni Austin Hotel Downtown
100%
TexasOmni Barton Creek Resort & Spa
100%
MassachusettsOmni Boston Hotel at the Seaport
100%
New HampshireOmni Bretton Arms Inn at Mount Washington
100%
North CarolinaOmni Charlotte Hotel
100%
IllinoisOmni Chicago Hotel
100%
TexasOmni Dallas Hotel
100%
TexasOmni Fort Worth Hotel
100%
GeorgiaOmni Hotel at the Battery Atlanta
100%
TexasOmni Houston Hotel
100%
TexasOmni La Mansión del Rio
100%
CaliforniaOmni Los Angeles Hotel at California Plaza
100%
KentuckyOmni Louisville Hotel
100%
New HampshireOmni Mount Washington Resort
100%
TennesseeOmni Nashville Hotel
100%
ConnecticutOmni New Haven Hotel at Yale
100%
OklahomaOmni Oklahoma City Hotel
100%
MassachusettsOmni Parker House
100%
Rhode IslandOmni Providence Hotel
100%
VirginiaOmni Richmond Hotel
100%
LouisianaOmni Riverfront Hotel
100%
LouisianaOmni Royal Orleans
100%
CaliforniaOmni San Diego Hotel
100%
CaliforniaOmni San Francisco Hotel
100%
ArizonaOmni Scottsdale Resort & Spa at Montelucia
100%
IndianaOmni Severin Hotel
100%
ArizonaOmni Tucson National Resort
100%
MinnesotaOmni Viking Lakes Hotel
100%
PennsylvaniaOmni William Penn Hotel
100%
North CarolinaThe Omni Grove Park Inn
100%
CanadaThe Omni King Edward Hotel
100%
New YorkOmni Berkshire Place
50%
VirginiaOmni Charlottesville Hotel
50%
TexasOmni Corpus Christi Hotel
50%
South CarolinaOmni Hilton Head Oceanfront Resort
50%
TexasOmni Las Colinas Hotel
50%
FloridaOmni Orlando Resort at ChampionsGate
50%
CaliforniaOmni Rancho Las Palmas Resort & Spa (Palm Springs)
50%
ArizonaOmni Tempe Hotel at ASU (Opening Spring 2023)
50%
FloridaOmni Amelia Island Resort
0%
PennsylvaniaOmni Bedford Springs Resort
0%
TexasOmni Frisco Hotel
0%
ColoradoOmni Interlocken Hotel
0%
CaliforniaOmni La Costa Resort & Spa (Carlsbad)
0%
TexasOmni PGA Frisco Resort (Opening Spring 2023)
0%
District of ColumbiaOmni Shoreham Hotel
0%
VirginiaThe Omni Homestead Resort
0%
FloridaThe Villas of Amelia Island
0%

Score Distribution

Percentile by Number Answered

Percent of People with Each Score

Your Score History

You have not taken this quiz since the last reset